| 000 | 01192cam a22004214i 4500 | ||
|---|---|---|---|
| 003 | PE-LiUPU | ||
| 005 | 20250731165553.0 | ||
| 008 | 150625s r 000 0 d | ||
| 040 |
_bspa _cPE-LiUPU _erda _dPE-LiUPU |
||
| 082 | 0 | 4 |
_a609.3 _bB994d _221 |
| 100 | 1 |
_aBynum, W.F., _eautor. |
|
| 245 | 1 | 0 |
_aDiccionario de historia de la ciencia / _cW.F. Bynum. |
| 264 | 1 |
_aBarcelona : _b1985. |
|
| 300 |
_a668 páginas ; _c24 cm. |
||
| 336 |
_atext _2rdacontent |
||
| 337 |
_aunmediated _2rdamedia |
||
| 338 |
_avolume _2rdacarrier |
||
| 505 | 0 | _aDiccionario de historia de la ciencia, desde A-Z. | |
| 526 | _aSEG44 | ||
| 526 | _aSEG26 | ||
| 526 | _aP151 | ||
| 526 | _aP150 | ||
| 526 | _aP149 | ||
| 526 | _aP146 | ||
| 526 | _aP145 | ||
| 526 | _aP126 | ||
| 526 | _aP125 | ||
| 526 | _aP92 | ||
| 526 | _aP75 | ||
| 526 | _aP74 | ||
| 526 | _aP27 | ||
| 526 | _aP15 | ||
| 650 | 0 | 4 |
_aCiencia _xHistoria _vDiccionarios. |
| 942 |
_2ddc _cBK |
||
| 949 |
_aRC 609.3 B994d _wDEWEY _c1 _i37521 _lCCODEBUL1 _mBUL _p00.00 _r0 _sY _tBOOK _u2015-06-25 _xBIBLIOTECA _zUNKNOWN _0COMPRA _o.STAFF. Colección General |
||
| 999 |
_c42694 _d42694 |
||
| 980 |
_81 _gALBERTO SANCHEZ Responsable de Automatización |
||